| 000 | 00612nam a22001817a 4500 | ||
|---|---|---|---|
| 020 | _qHard Cover. | ||
| 082 | _a302.2 | ||
| 100 | _aIqbal, Maryam | ||
| 245 |
_aFacing the Music: _bPakistan's Pop-Music Journey / _cMaryam Iqbal, Roha Nadeem and Minahil Malik. |
||
| 260 |
_aIslamabad: _bS3H - NUST, _c2019. |
||
| 300 |
_a165 p. : _bill. ; _c30cm. |
||
| 563 | _aHB | ||
| 650 |
_aMass Communication BS-Project Report. _927865 |
||
| 700 |
_aDr. Siddique Humayun _927875 |
||
| 856 | _uhttp://10.250.8.41:8080/xmlui/handle/123456789/6200 | ||
| 942 |
_2ddc _cPR |
||
| 999 |
_c533856 _d533856 |
||